Music Quiz

Random Music or Album Quiz
Score 0/9 Timer 02:00
1 Play Today
Year Album % Correct
2012Red
95%
2020folklore
93.5%
2020evermore
93.4%
20141989
92.1%
2019Lover
91.1%
2006Taylor Swift
86.1%
2008Fearless
82.3%
2010Speak Now
76.3%
2017reputation
61.7%
Remove Ads.
Support Sporcle.
Get the best of Sporcle when you Go Orange. This ad-free experience offers more features, more stats, and more fun while also helping to support Sporcle. Thank you for becoming a member.

You're not logged in!

Compare scores with friends on all Sporcle quizzes.
OR
Log In

Show Comments

Extras

Top Quizzes Today


Score Distribution

Your Account Isn't Verified!

In order to create a playlist on Sporcle, you need to verify the email address you used during registration. Go to your Sporcle Settings to finish the process.

Report this User

Report this user for behavior that violates our Community Guidelines.

Details: